Digital computer electronics

Bibliographic Details
Main Author: MALVINO, Albert Paul
Format: Book
Published: New York : McGraw-Hill , 1993
Subjects:

MARC

LEADER 00000cam a2200000 7i4500
001 0000002329
002 000002536
005 20000330.0
020 |a 0071127135 
090 0 0 |a 621.3916   |b MAL 
100 1 |a MALVINO, Albert Paul 
245 1 0 |a Digital computer electronics   |c Albert Paul Malvino 
260 |a New York :   |b McGraw-Hill ,   |c 1993 
300 |a 522p. ;   |c 26cm. 
650 0 0 |a Electronic digital computers 
999 |a 035819   |b BUKU   |c PINJAMAN   |e PERPUSTAKAAN KOMUNITI PETALING JAYA 
999 |a 035820   |b BUKU   |c RUJUKAN   |e PERPUSTAKAAN KOMUNITI PETALING JAYA